| 000 | 00494 a2200181 4500 | ||
|---|---|---|---|
| 003 | OSt | ||
| 005 | 20230819124709.0 | ||
| 008 | 230819b |||||||| |||| 00| 0 eng d | ||
| 020 | _a9789339203467 | ||
| 040 | _coclc | ||
| 082 |
_a346.07 _bTUL/B |
||
| 100 |
_aTulsian, P C _91598 |
||
| 245 |
_aBUSINESS LAW / _cP C Tulsian. |
||
| 250 | _a3ED | ||
| 260 |
_aChennai: _bMc Graw Hill, _c2022. |
||
| 300 | _amultipagination | ||
| 942 |
_2ddc _cBK _h346.07 _iTUL/B _k346.07 _mTUL/B |
||
| 999 |
_c41902 _d41902 |
||